| 000 | 01461cas a22003497ar4500 | ||
|---|---|---|---|
| 005 | 20220329143017.0 | ||
| 008 | 001017c1998 cu qr pernn 0 b1 d | ||
| 010 | _a90634 | ||
| 011 | _a91606 | ||
| 022 | _a1562-3009 | ||
| 035 | _a102166 | ||
| 245 | 0 | 0 |
_aFitosanidad _c/por Instituto de Investigaciones de Sanidad Vegetal |
| 260 | 0 |
_aLa Habana: _bInstituto de Invetigaciones de Sanidad Vegetal _c1998- |
|
| 300 | _av. | ||
| 310 | _aTrimestral | ||
| 362 | _av.7 n.2,2003. | ||
| 590 |
_aBATCH-UPD _b10 _c20130110 _lUCH01 _h0336 |
||
| 590 |
_aBATCH-UPD _b10 _c20130410 _lUCH01 _h0009 |
||
| 590 |
_aBATCH-UPD _b10 _c20130914 _lUCH01 _h2014 |
||
| 590 |
_aCONVERSION _b10 _c20130109 _lUCH01 _h1350 |
||
| 650 | 0 | 4 |
_aSanidad vegetal _xPublicaciones periódicas. _9102232 |
| 780 | _tCiencia y Tecnica en la Agricultura. Protección de Plantas v.1-13, 1978-1990 posteriormente : Protección de Plantas v.1-2, 1991-1992 | ||
| 866 | _av. 10 n. 1 (Marzo 2006) - v. 10 n. 2 (Junio 2006) | ||
| 866 | _av. 11 n. 1 (Marzo 2007) - v. 11 n. 4 (Diciembre 2007) | ||
| 866 | _av. 12 n. 2 (Junio 2008) - v. 12 n. 4 (Diciembre 2008) | ||
| 866 | _av. 13 n. 2 (Junio 2009) | ||
| 866 | _av. 4 n. 1 (Marzo 2000) - v. 6 n. 4 (Diciembre 2002) | ||
| 866 | _av. 7 n. 1 (Marzo 2003) - v. 7 n. 4 (Diciembre 2003) | ||
| 866 | _av. 8 n. 3 (Septiembre 2004) - v. 8 n. 4 (Diciembre 2004) | ||
| 901 | _aSE | ||
| 905 | _aAraceli Hernández Gómez. | ||
| 999 |
_c90634 _d90634 |
||